| 000 | 00494 a2200133 4500 | ||
|---|---|---|---|
| 245 |
_aAccounting _b : an introductory framework _hprint |
||
| 100 | _aL Kirkwood | ||
| 100 | _aC Ryan | ||
| 650 | _aACCOUNTING | ||
| 005 | 20191017173615.0 | ||
| 260 |
_acou _c1946] |
||
| 084 | _aHF5635 .W75 | ||
| 300 |
_av. illus., forms, diagrs. 24 cm. _bv. illus., forms, diagrs. 24 cm. _cv. illus., forms, diagrs. 24 cm. |
||
| 500 | _a"Illustrations developed in collaboration with the Teaching institute of economics, University of Denver." | ||
| 999 |
_c10489 _d10489 |
||